Quiz de culture générale un peu délirant ! - Statistiques

Statistiques générales
  • Ce quiz a été pris 244 fois
  • Le résultat moyen est 8 sur 20
Statistiques - réponses
Question Réponse % Correct
Au Québec, on peut acheter chez Mc Do... des frites façon poutine
81%
Pourquoi le clavier commence par AZERTY ? Pour que les lettres les plus utilisées ne soient pas côte à côte
81%
Qui avale toujours son dentifrice ? les astronautes
75%
Pourquoi les hublots des avions sont ovales ? Parce qu'ils sont sans point faible donc plus solides que des hublots carrés
75%
Cet arbre a résisté à l'explosion d'hiroshima, c'est le ginkgo
56%
Dans ce pays, il est de coutume de ne plus embrasser son enfant après son 7e anniversaire, c'est... au Japon
44%
Le dessert servi qui, selon les restaurateurs professionnels est fabriqué industriellement dans 80% des établissements est... le moëlleux au chocolat
44%
Gustave Eiffel avait fait aménager un appartement au 3e étage de sa tour, mais quelle en était la particularité ? Il n'avait pas de chambre
38%
L'animal le plus résistant aux radiations nucléaires est... le cafard
38%
Selon les éducateurs canins, quelle est la race la plus difficile à éduquer ? le husky de Sibérie
38%
D'où Charles de Gaulle tenait-il sa résidence de Colombey-les-deux-églises ? Il l'avait acquise en viager
31%
Pourquoi fait-on des pizzas rondes pour les mettre dans des boites carrées et les couper en triangle Parce qu'on étale une boule de pâte qui devient naturellement ronde
31%
Pourquoi la fourchette a-t-elle 4 dents ? Pour prendre les aliments plus facilement
31%
Pourquoi y-a-t-il une boule à l'extrémité des bic 4 couleurs Pour tourner un cadran de téléphone
31%
On peut extraire de cet aliment commun du glycérol, lui-même pouvant servir à fabriquer de la nitroglycérine, produit extrêmement instable et explosif. Il s'agit... des cacahuètes
19%
Cette fleur sauvage peut être mortelle si on la mange... le bouton d'or
19%
L'assassin de Shinzo Abe, ancien Premier ministre japonais avec fabriqué son arme... avec du ruban adhésif de type chatterton
13%
Quelle star aurait pu mourir dans les attentats du 11 septembre 2001 si elle n'avait pas eu une "panne d'oreiller" ? Michael Jackson
6%
Pourquoi le vert signale-t-il qu'on peut passer ? Il a remplacé le blanc qui pouvait être confondu avec les étoiles
0%
Qu'est-il advenu de Thomas Andrews qui a conçu le Titanic ? il est mort dans le naufrage
0%
Aucun quiz correspondant
Distribution des résultats
% des personnes avec chaque résultat
Percentile par nombre de réponses
Votre historique - résultats
Vous n’avez pas pris ce quiz